000 00898nam a2200229Ia 4500
003 Ost
005 20260507075026.0
008 260507s9999||||xx |||||||||||||| ||und||
040 _cfsecg
041 _aara
082 _a330
100 _aزويلف، مهدي حسن
_eمؤلف
245 0 _aإدارة الشراء والتخزين :
_bمدخل كمي /
_c مهدي حسن زويلف
260 _aعمان:
_bدار أجنادين للنشر,
_c2007
300 _a320 صفحة؛
_bإيضاحات ؛
_c24 سم
520 _aأساسيات الشراء- الأصول العلمية للشراء- تخطيط نشاط إدارة الشراء- تقييم نشاط إدارة الشراء-إدارة التخزين
653 _aالتخزين
653 _aالتخطيط
653 _aالشراء
700 _aالعلاونة، علي سليم
_eمؤلف ثانوي
942 _cكتاب
999 _c42339
_d42339